000 00588nam a2200169 a 4500
001 BRCA_668
005 20190320203111.0
008 160408s2004----us-a---###---#000-0#eng-#
020 _a875351573
050 4 _aN620.H5
_b.H57 2004
245 1 0 _aThe Hispanic Society of America
_ba Centennial Celebration.
260 _aNueva York
_bThe Hispanic Society of America
_c2004
300 _a78 p.
_bil. a color
_c30 cm.
610 2 4 _aThe Hispanic Society of America
_xHistoria
_zNueva York
_92215
650 1 4 _aMuseos
_xColecciones bibliográficas y audiovisuales
_zEstados Unidos
_92216
942 _2lcc
_cB
999 _c577
_d577